| 000 | 00898nam a2200265Ia 4500 | ||
|---|---|---|---|
| 003 | GCL | ||
| 005 | 20240530102225.0 | ||
| 008 | 140319s9999 xx 000 0 ara d | ||
| 040 |
_aGCL / _cGCL |
||
| 082 | 0 | 4 |
_aق _b025.171 _bع ا |
| 100 | 1 | _aعبدالمعز شاهين | |
| 245 | 1 | 0 |
_aالاسس العلمية لعلاج وترميم وصيانة الكتب والمخطوطات والوثائق التاريخية / _cعبدالمعز شاهين |
| 250 | _aالاولى | ||
| 260 |
_aالقاهرة : _bالهيئة المصرية العامة للكتاب ، _c1990 |
||
| 300 |
_a407 ص ؛ _c24سم |
||
| 650 | 0 | 4 | _aالصيانة |
| 650 | 0 | 4 | _aالوثائق |
| 650 | 0 | 4 | _aالمخطوطات |
| 650 | 0 | 4 | _aترميم |
| 650 | 0 | 4 | _aالكتب |
| 650 | 0 | 4 | _aالمكتبات |
| 650 | 0 | 4 | _aالمخطوطات - ترميم |
| 650 | 0 | 4 | _aالكتب - تجليد |
| 942 |
_2ddc _cBK |
||
| 999 |
_c30687 _d30687 |
||